Vampires don't wear polka dots / (Record no. 741)
[ view plain ]
| 000 -LEADER | |
|---|---|
| fixed length control field | 00990nam a22002777a 4500 |
| 005 - DATE AND TIME OF LATEST TRANSACTION | |
| control field | 20250826094319.0 |
| 020 ## - INTERNATIONAL STANDARD BOOK NUMBER | |
| International Standard Book Number | FISTK04863 |
| 040 ## - CATALOGING SOURCE | |
| Original cataloging agency | FISKH |
| Language of cataloging | eng |
| Transcribing agency | FISKH |
| Modifying agency | FISKH |
| 050 ## - LIBRARY OF CONGRESS CALL NUMBER | |
| Classification number | 741.5 |
| 082 ## - DEWEY DECIMAL CLASSIFICATION NUMBER | |
| Classification number | PZ7.D128 |
| 100 ## - MAIN ENTRY--PERSONAL NAME | |
| Personal name | Dadey, Debbie |
| 245 ## - TITLE STATEMENT | |
| Title | Vampires don't wear polka dots / |
| Statement of responsibility, etc. | by Deb, Dadey and Marcia Jones ; illustrated by John Steven Gurney |
| 250 ## - EDITION STATEMENT | |
| Edition statement | The edition first printing, July 2007 |
| 260 ## - PUBLICATION, DISTRIBUTION, ETC. | |
| Place of publication, distribution, etc. | New York : |
| Name of publisher, distributor, etc. | Scholastic, |
| Date of publication, distribution, etc. | 2007. |
| 300 ## - PHYSICAL DESCRIPTION | |
| Extent | 78 pages ; |
| Other physical details | illustrations, |
| Dimensions | 20 cm. |
| 490 ## - SERIES STATEMENT | |
| Series statement | The adventures of the bailey school kids |
| 505 ## - FORMATTED CONTENTS NOTE | |
| Formatted contents note | O <br/> |
| 520 ## - SUMMARY, ETC. | |
| Summary, etc. | The third grade at Bailey Elementary was very hard to handle, until a strange new teacher named Mrs. Jeepers arrived. |
| 521 ## - TARGET AUDIENCE NOTE | |
| Target audience note | 600 <br/> |
| Source | Lexile <br/> |
| 521 ## - TARGET AUDIENCE NOTE | |
| Target audience note | O <br/> |
| Source | Raz-Plus |
| 650 ## - SUBJECT ADDED ENTRY--TOPICAL TERM | |
| Topical term or geographic name entry element | Vampire |
| Form subdivision | Bailey School Kids |
| General subdivision | children's fiction |
| 650 ## - SUBJECT ADDED ENTRY--TOPICAL TERM | |
| Topical term or geographic name entry element | monsters |
| Form subdivision | The Adventures of the Bailey School Kids |
| 700 ## - ADDED ENTRY--PERSONAL NAME | |
| Personal name | Gurney, John Steven |
| 942 ## - ADDED ENTRY ELEMENTS (KOHA) | |
| Source of classification or shelving scheme | Dewey Decimal Classification |
| Koha item type | Books |
| Suppress in OPAC | No |
| 999 ## - | |
| -- | 741 |
| -- | 741 |
| Withdrawn status | Lost status | Source of classification or shelving scheme | Damaged status | Not for loan | Collection | Home library | Current library | Shelving location | Date acquired | Total Checkouts | Full call number | Barcode | Date last seen | Date last checked out | Price effective from | Koha item type | Copy number |
|---|---|---|---|---|---|---|---|---|---|---|---|---|---|---|---|---|---|
| Dewey Decimal Classification | Juvenile Fiction | Footprints International School Library Network Toul Kork Campus | Footprints International School Library Network Toul Kork Campus | TK Primary Library Room(4th Floor), Bookcase 5&6, Shelves 33-56, Orange Books | 07/05/2023 | 3 | DAD 741.5 PZ7.D128 | FISTK04863 | 12/19/2025 | 08/29/2025 | 07/05/2023 | Books | |||||
| Dewey Decimal Classification | Juvenile Fiction | Footprints International School Library Network Toul Tom Poung Campus | Footprints International School Library Network Toul Tom Poung Campus | TTP Primary Orange Bookshelves | 07/02/2025 | DAD 741.5 PZ7.D128 | FIS05523 | 07/02/2025 | 07/02/2025 | Books | 2 | ||||||
| Dewey Decimal Classification | Juvenile Fiction | Footprints International School Library Network Toul Tom Poung Campus | Footprints International School Library Network Toul Tom Poung Campus | TTP Primary Orange Bookshelves | 08/26/2025 | DAD 741.5 PZ7.D128 | FISSE00164 | 08/26/2025 | 08/26/2025 | Books | 3 |
